000 004660000a22001810004500
020 _a0-8423-0109-7
041 0 _aENG
082 0 4 _aG 266 J721b
100 1 _aJohnston, Arthur P.
245 1 0 _aThe battle for world evangelism / Arthur P. Johnston
260 _aWheaton, ILL., USA : Tyndale
300 _a416 Pag
001 7633
942 _cBK
999 _c37840
_d37840
336 _atexto
_btxt
_2rdacontent
337 _2rdamedia
_asin mediación
_bn
338 _2rdacarrier
_avolumen
_bnc